[Event "Kastel Stari"]
[Site "?"]
[Date "1988.??.??"]
[Round "?"]
[White "Jacimovic, D."]
[Black "Vukic, M."]
[Result "0-1"]
[WhiteElo "2380"]
[BlackElo "2455"]
[PlyCount "80"]
[EventDate "1988.??.??"]
[Source "ChessBase"]
[SourceDate "1988.01.01"]

1. d4 Nf6 2. c4 g6 3. Nc3 Bg7 4. e4 d6 5. Nf3 O-O 6. Be2 e5 7. O-O Nc6 8. d5
Ne7 9. Ne1 Nd7 10. f3 f5 11. g4 Kh8 12. Be3 Ng8 13. Qd2 f4 14. Bf2 h5 15. h3
Rf7 16. Kg2 Bf6 17. Nd3 Rh7 18. Rh1 Bh4 19. Bd1 Nf8 20. c5 Bxf2 21. Qxf2 g5 22.
cxd6 cxd6 23. Rc1 Bd7 24. Ba4 Bxa4 25. Nxa4 Ng6 26. b4 Nf6 27. Nab2 Qd7 28. a4
Nh4+ 29. Kf1 Rc8 30. Ke2 hxg4 31. hxg4 Nxe4 32. fxe4 Qxg4+ 33. Kd2 Rhc7 34.
Rxc7 Rxc7 35. Qxa7 Kg7 36. Nf2 Qc8 37. Nbd3 Rc2+ 38. Ke1 Ng2+ 39. Kf1 Ne3+ 40.
Kg1 Qg4+ 0-1

[Event "Coimbatore"]
[Site "Coimbatore"]
[Date "1987.??.??"]
[Round "?"]
[White "Lukacs, Peter"]
[Black "Thipsay, Praveen Mahadeo"]
[Result "1-0"]
[WhiteElo "2500"]
[BlackElo "2420"]
[PlyCount "71"]
[EventDate "1987.12.??"]
[Source "www.chesslib.no"]
[SourceDate "2004.05.04"]

1. d4 Nf6 2. c4 g6 3. Nc3 Bg7 4. e4 d6 5. Nf3 O-O 6. Be2 e5 7. O-O Nc6 8. d5
Ne7 9. Ne1 Nd7 10. f3 f5 11. g4 Kh8 12. Be3 Nf6 13. Nd3 c6 14. h3 Ne8 15. Kg2
Bd7 16. Rc1 a6 17. b4 cxd5 18. cxd5 Ng8 19. Qd2 Qe7 20. a4 Bf6 21. a5 Bh4 22.
Nb2 f4 23. Bg1 h5 24. Nc4 Bg3 25. Nb6 Rd8 26. Nxd7 Rxd7 27. Bb6 Qg5 28. b5 axb5
29. Nxb5 Ngf6 30. Qd3 Kg7 31. Rh1 Rh8 32. Rcg1 Kg8 33. Kf1 Rdh7 34. Rxg3 fxg3
35. Be3 Qh4 36. g5 1-0

[Event "Porabka"]
[Site "Porabka"]
[Date "1987.??.??"]
[Round "3"]
[White "Halasz, Tamas"]
[Black "Borkowski, Franciszek"]
[Result "1/2-1/2"]
[WhiteElo "2400"]
[BlackElo "2450"]
[PlyCount "136"]
[EventDate "1987.??.??"]
[Source "www.chesslib.no"]
[SourceDate "2004.05.04"]

1. d4 Nf6 2. c4 g6 3. Nc3 Bg7 4. e4 d6 5. Be2 O-O 6. Nf3 e5 7. O-O Nc6 8. d5
Ne7 9. Ne1 Nd7 10. f3 f5 11. g4 Kh8 12. Be3 Ng8 13. Qd2 Ndf6 14. h3 h5 15. Kg2
Nh7 16. Nd3 hxg4 17. hxg4 Ngf6 18. Qd1 f4 19. Bf2 Nh5 20. Rh1 Ng3 21. Bxg3 fxg3
22. Qe1 Bf6 23. Qxg3 Bg5 24. Rh3 Rf7 25. Rah1 Qe7 26. c5 Bd7 27. c6 bxc6 28.
dxc6 Bxc6 29. Nb4 Bb7 30. Bc4 Rg7 31. Bd5 Rb8 32. Qf2 Bxd5 33. Ncxd5 Qd7 34.
Qxa7 Qb5 35. b3 Kg8 36. Nc6 Rf8 37. Ndb4 Rgf7 38. a4 Qe2+ 39. Qf2 Qxe4 40. Rf1
Qe3 41. Qxe3 Bxe3 42. Nd5 Ng5 43. Rhh1 Bd2 44. a5 Nxf3 45. Nde7+ Kg7 46. Nf5+
gxf5 47. Rxf3 fxg4 48. Rxf7+ Rxf7 49. Rf1 Rxf1 50. Kxf1 Bxa5 51. Nxa5 Kf6 52.
Nc4 Kf5 53. Ne3+ Ke4 54. Nxg4 Kd3 55. Nf6 c6 56. Ng8 Kc3 57. Ne7 c5 58. Nc8 d5
59. Nb6 d4 60. Nd7 d3 61. Nxc5 d2 62. Ne4+ Kc2 63. Nf2 d1=Q+ 64. Nxd1 Kxd1 65.
Kf2 Kd2 66. Kf3 Kd3 67. Kf2 e4 68. Ke1 Kc3 1/2-1/2

[Event "Warszawa (zt)"]
[Site "?"]
[Date "1987.??.??"]
[Round "?"]
[White "Pinter, J."]
[Black "Georgiev, Kr"]
[Result "1-0"]
[WhiteElo "2570"]
[BlackElo "2470"]
[PlyCount "95"]
[EventDate "1987.??.??"]
[Source "ChessBase"]
[SourceDate "1987.01.01"]

1. d4 Nf6 2. c4 g6 3. Nc3 Bg7 4. e4 d6 5. Be2 O-O 6. Nf3 e5 7. O-O Nc6 8. d5
Ne7 9. Ne1 Nd7 10. f3 f5 11. g4 Kh8 12. Be3 Ng8 13. Qd2 Ndf6 14. h3 h5 15. Kg2
Nh7 16. Nd3 hxg4 17. hxg4 Ngf6 18. Qd1 Qd7 19. Nf2 f4 20. Bd2 Bh6 21. Rh1 Kg7
22. b4 Ng5 23. Kf1 Qe7 24. Rc1 Bd7 25. c5 dxc5 26. bxc5 Qxc5 27. Nb5 Qb6 28.
Na3 Rae8 29. Nc4 Qd4 30. Qc2 Nf7 31. Bb4 a6 32. Bxf8+ Rxf8 33. Na5 Qb4 34. Qc3
Qxc3 35. Rxc3 b6 36. Nb3 Rc8 37. Kg2 a5 38. Rhc1 Ne8 39. Nd2 Bg5 40. Nc4 Rb8
41. Nd3 Kf6 42. Rb1 Ra8 43. d6 b5 44. Nc5 Bc6 45. dxc7 Nxc7 46. Nb6 Ra7 47. Nb3
Nd8 48. Rbc1 1-0

[Event "Szirak"]
[Site "Szirak"]
[Date "1985.??.??"]
[Round "4"]
[White "Pinter, Jozsef"]
[Black "Uhlmann, Wolfgang"]
[Result "1/2-1/2"]
[WhiteElo "2565"]
[BlackElo "2515"]
[PlyCount "31"]
[EventDate "1985.10.??"]
[Source "ChessBase"]

1. d4 Nf6 2. c4 g6 3. Nc3 Bg7 4. e4 d6 5. Be2 O-O 6. Nf3 e5 7. O-O Nc6 8. d5
Ne7 9. Ne1 Nd7 10. f3 f5 11. g4 Kh8 12. Nd3 Ng8 13. Kg2 a6 14. Be3 Bh6 15. Qd2
Qh4 16. Bxh6 1/2-1/2

[Event "Rubinstein mem"]
[Site "Polanica Zdroj"]
[Date "1985.??.??"]
[Round "15"]
[White "Gruenberg, Hans Ulrich"]
[Black "Sznapik, Aleksander"]
[Result "1/2-1/2"]
[WhiteElo "2455"]
[BlackElo "2450"]
[PlyCount "40"]
[EventDate "1985.08.??"]
[Source "ChessBase"]

1. d4 Nf6 2. c4 g6 3. Nc3 Bg7 4. e4 d6 5. Be2 O-O 6. Nf3 e5 7. O-O Nc6 8. d5
Ne7 9. Ne1 Nd7 10. f3 f5 11. g4 Nf6 12. Nd3 Kh8 13. Be3 c6 14. h3 a5 15. Nf2 h6
16. Qb3 c5 17. Qc2 fxg4 18. fxg4 g5 19. Nh1 Ng6 20. Nd1 Nf4 1/2-1/2

[Event "DSV-Turnier"]
[Site "Potsdam"]
[Date "1985.??.??"]
[Round "2"]
[White "Garcia Gonzales, Guillermo"]
[Black "Uhlmann, Wolfgang"]
[Result "1/2-1/2"]
[WhiteElo "2440"]
[BlackElo "2470"]
[PlyCount "29"]
[EventDate "1985.04.03"]
[Source "ChessBase"]

1. d4 Nf6 2. c4 g6 3. Nc3 Bg7 4. e4 d6 5. Be2 O-O 6. Nf3 e5 7. O-O Nc6 8. d5
Ne7 9. Ne1 Nd7 10. f3 f5 11. g4 Kh8 12. Nd3 Ng8 13. Be3 Nh6 14. Bf2 Rf7 15. Kg2
1/2-1/2

[Event "Leningrad Kotov Memorial"]
[Site "Leningrad RUS"]
[Date "1984.??.??"]
[Round "3"]
[White "Gavrikov, Viktor N"]
[Black "Kochiev, Aleksandr V"]
[Result "1-0"]
[WhiteElo "2485"]
[BlackElo "2450"]
[PlyCount "91"]
[EventDate "1984.??.??"]
[Source "www.chesslib.no"]
[SourceDate "2004.05.04"]

1. d4 Nf6 2. c4 g6 3. Nc3 Bg7 4. e4 d6 5. Nf3 O-O 6. Be2 e5 7. O-O Nc6 8. d5
Ne7 9. Ne1 Nd7 10. f3 f5 11. g4 Nf6 12. Nd3 c6 13. Nf2 Kh8 14. Kg2 Bd7 15. Bd2
a6 16. a3 b5 17. b3 Qb6 18. h3 Rac8 19. Qe1 h6 20. h4 cxd5 21. cxd5 a5 22. Rc1
b4 23. axb4 axb4 24. Ncd1 Rxc1 25. Bxc1 Nfxd5 26. exd5 Nxd5 27. g5 h5 28. Bd2
Qd4 29. Nd3 e4 30. fxe4 Qxe4+ 31. Rf3 Bc6 32. Kf1 Re8 33. Qf2 Nc3 34. Nxc3 bxc3
35. Bc1 Ra8 36. Qh2 Qd4 37. Be3 Ra1+ 38. Kf2 Qe4 39. Rf4 Qe6 40. Rc4 Be4 41.
Nf4 Qe8 42. Qg3 c2 43. Bd2 Kg8 44. Qe3 Qb8 45. Nxg6 Kh7 46. Ne7 1-0

[Event "Tuzla"]
[Site "Tuzla"]
[Date "1983.??.??"]
[Round "7"]
[White "Sahovic, Dragutin"]
[Black "Hazai, Laszlo"]
[Result "1/2-1/2"]
[WhiteElo "2475"]
[BlackElo "2475"]
[PlyCount "48"]
[EventDate "1983.10.??"]
[Source "ChessBase"]

1. d4 g6 2. c4 Bg7 3. Nc3 d6 4. e4 Nf6 5. Nf3 O-O 6. Be2 e5 7. O-O Nc6 8. d5
Ne7 9. Ne1 Nd7 10. f3 f5 11. g4 Nf6 12. h4 Qd7 13. exf5 gxf5 14. g5 Nh5 15. f4
Nxf4 16. Bxf4 exf4 17. Ng2 f3 18. Rxf3 f4 19. Qd2 Nf5 20. Rxf4 Be5 21. Ne4 Bxf4
22. Qxf4 Qg7 23. Nf6+ Rxf6 24. gxf6 Qxf6 1/2-1/2

[Event "Paris Open"]
[Site "Paris FRA"]
[Date "1983.??.??"]
[Round "4"]
[White "Prie, Eric"]
[Black "Ree, Hans"]
[Result "1/2-1/2"]
[WhiteElo "2360"]
[BlackElo "2490"]
[PlyCount "46"]
[EventDate "1983.05.06"]
[Source "www.chesslib.no"]
[SourceDate "2004.05.04"]

1. Nf3 Nf6 2. c4 g6 3. Nc3 Bg7 4. e4 d6 5. d4 O-O 6. Be2 e5 7. O-O Nc6 8. d5
Ne7 9. Ne1 Nd7 10. f3 f5 11. g4 Nf6 12. Nd3 c6 13. Nf2 a6 14. a4 a5 15. Kg2 Kh8
16. h4 f4 17. Bd2 c5 18. Rh1 Neg8 19. Qg1 Rf7 20. Kf1 Bf8 21. Nb5 Be7 22. Qh2
h5 23. g5 Ne8 1/2-1/2

[Event "Charlton Open"]
[Site "Charlton"]
[Date "1983.??.??"]
[Round "3"]
[White "Prie, Eric"]
[Black "Hebden, Mark L"]
[Result "1/2-1/2"]
[WhiteElo "2360"]
[BlackElo "2435"]
[PlyCount "90"]
[EventDate "1983.??.??"]
[Source "www.chesslib.no"]
[SourceDate "2004.05.04"]

1. Nf3 Nf6 2. c4 g6 3. Nc3 Bg7 4. e4 d6 5. d4 O-O 6. Be2 e5 7. O-O Nc6 8. d5
Ne7 9. Ne1 Nd7 10. f3 f5 11. g4 Nf6 12. Nd3 Kh8 13. Be3 Neg8 14. Kh1 Bd7 15.
Rg1 Qe7 16. c5 Ne8 17. Qd2 f4 18. Bf2 Bf6 19. Bf1 h5 20. h3 hxg4 21. hxg4 Qh7+
22. Kg2 Bxg4 23. fxg4 f3+ 24. Kxf3 Bg5+ 25. Ke2 Bxd2 26. Kxd2 g5 27. Be3 Qg6
28. Nf2 Nef6 29. Bd3 Nh6 30. cxd6 cxd6 31. Ne2 Rac8 32. Ng3 Nh7 33. Nf5 Qf6 34.
Rh1 Nxf5 35. gxf5 Qd8 36. Rh5 Rf7 37. Nh3 Qa5+ 38. Ke2 Qb4 39. Bd2 Qxb2 40. Rb1
Qxa2 41. Nxg5 Rg7 42. Rbh1 Rcc7 43. f6 Rxg5 44. Rxg5 Rf7 45. Rg6 a6 1/2-1/2

[Event "Baile Herculane zt"]
[Site "Baile Herculane"]
[Date "1982.??.??"]
[Round "16"]
[White "Lukacs, Peter"]
[Black "Sznapik, Aleksander"]
[Result "1/2-1/2"]
[WhiteElo "2470"]
[BlackElo "2440"]
[PlyCount "81"]
[EventDate "1982.01.??"]
[Source "ChessBase"]

1. d4 g6 2. c4 Bg7 3. Nc3 Nf6 4. e4 d6 5. Be2 O-O 6. Nf3 e5 7. O-O Nc6 8. d5
Ne7 9. Ne1 Nd7 10. f3 f5 11. g4 Nf6 12. Nd3 c6 13. Nf2 Kh8 14. Kg2 Qc7 15. Be3
Bd7 16. h4 Rf7 17. Rc1 Raf8 18. Bd2 fxg4 19. fxg4 cxd5 20. cxd5 Qb6 21. Nh3 h6
22. g5 Bxh3+ 23. Kxh3 hxg5 24. hxg5 Nh7 25. Rxf7 Rxf7 26. Qg1 Qxb2 27. Qe3 Ng8
28. Rb1 Qa3 29. Qd3 Qc5 30. Be3 Qc8+ 31. Kg2 Bf8 32. Bd2 Be7 33. Rh1 Kg7 34.
Qg3 Nxg5 35. Bg4 Qc4 36. Bxg5 Bxg5 37. Be6 Rc7 38. Rh3 Bf6 39. Bxg8 Kxg8 40.
Qg4 Rg7 41. Rg3 1/2-1/2

[Event "BUL Ch"]
[Site "Sofia BUL"]
[Date "1981.??.??"]
[Round "8"]
[White "Ermenkov, Evgenij P"]
[Black "Georgiev, Krum I"]
[Result "1/2-1/2"]
[WhiteElo "2490"]
[BlackElo "2485"]
[PlyCount "83"]
[EventDate "1981.??.??"]
[Source "www.chesslib.no"]
[SourceDate "2004.05.04"]

1. d4 Nf6 2. Nf3 g6 3. c4 Bg7 4. Nc3 O-O 5. e4 d6 6. Be2 e5 7. O-O Nc6 8. d5
Ne7 9. Ne1 Nd7 10. f3 f5 11. g4 Kh8 12. Ng2 Ng8 13. h4 a5 14. Be3 Bh6 15. Bxh6
Nxh6 16. exf5 gxf5 17. g5 Nf7 18. f4 Rg8 19. Bh5 Rg7 20. Qd2 exf4 21. Bxf7 Rxf7
22. Qd4+ Ne5 23. Rxf4 Bd7 24. Raf1 Rg7 25. Nd1 h6 26. gxh6 Rg6 27. Nde3 Qf6 28.
R1f2 Rag8 29. Kf1 Rg3 30. Ne1 Rg1+ 31. Ke2 Re8 32. Nf3 Rb1 33. Rf1 Rxf1 34.
Kxf1 Qxh6 35. Ng5 Rf8 36. Rf2 Kg8 37. Ng2 Qh5 38. Ne3 Qh6 39. Kg1 Qf6 40. Ng2
b6 41. Nf4 Qh6 42. Nfe6 1/2-1/2

[Event "Malmo Schacknytt"]
[Site "Malmo SWE"]
[Date "1979.12.03"]
[Round "7"]
[White "Schussler, Harry"]
[Black "Westerinen, Heikki M J"]
[Result "1-0"]
[WhiteElo "2460"]
[BlackElo "2465"]
[PlyCount "103"]
[EventDate "1979.11.26"]
[Source "www.chesslib.no"]
[SourceDate "2004.05.04"]

1. d4 Nf6 2. c4 g6 3. Nc3 Bg7 4. Nf3 O-O 5. e4 d6 6. Be2 e5 7. O-O Nc6 8. d5
Ne7 9. Ne1 Nd7 10. f3 f5 11. g4 Kh8 12. Ng2 Ng8 13. h4 Rf7 14. Rb1 Bh6 15. exf5
gxf5 16. Bxh6 Nxh6 17. g5 Ng8 18. f4 Ne7 19. Qd2 Ng6 20. Rf2 Qe7 21. Kh1 Rg7
22. Rg1 Nxf4 23. Nxf4 exf4 24. Qxf4 Ne5 25. h5 Bd7 26. Rfg2 Rag8 27. h6 Rf7 28.
Bh5 Rff8 29. Re2 Be8 30. Bf3 Bg6 31. Nb5 Ra8 32. Nd4 Rge8 33. Ne6 Kg8 34. Rxe5
dxe5 35. Qxe5 Rad8 36. Re1 Rd7 37. c5 f4 38. Rf1 Rf8 39. Bg4 Bd3 40. Rd1 f3 41.
Qc3 Bf5 42. Qxf3 Bxg4 43. Qxg4 Rf2 44. Kg1 Rf7 45. b4 Qe8 46. Rd2 Rde7 47. Rg2
c6 48. g6 hxg6 49. Qxg6+ Kh8 50. Qg5 Qb8 51. h7 Re8 52. d6 1-0

[Event "URS-FL"]
[Site "Frunze"]
[Date "1979.??.??"]
[Round "12"]
[White "Grigorian, Karen Ashotovich"]
[Black "Yurtaev, Leonid"]
[Result "1/2-1/2"]
[WhiteElo "2480"]
[BlackElo "2365"]
[PlyCount "35"]
[EventDate "1979.??.??"]
[Source "ChessBase"]

1. d4 Nf6 2. Nf3 g6 3. c4 Bg7 4. Nc3 O-O 5. e4 d6 6. Be2 e5 7. O-O Nc6 8. d5
Ne7 9. Ne1 Nd7 10. f3 f5 11. g4 Nf6 12. Nd3 f4 13. b4 h5 14. g5 Nh7 15. h4 Nxg5
16. hxg5 Nxd5 17. Nxd5 Qxg5+ 18. Kh1 1/2-1/2

[Event "Buenos Aires ol (Men)"]
[Site "Buenos Aires ARG"]
[Date "1978.??.??"]
[Round "3"]
[White "Fedder, Steen"]
[Black "Zapata, Alonso"]
[Result "1-0"]
[WhiteElo "2400"]
[BlackElo "2355"]
[PlyCount "83"]
[EventDate "1978.10.25"]
[Source "www.chesslib.no"]
[SourceDate "2004.05.04"]

1. d4 Nf6 2. c4 g6 3. Nc3 Bg7 4. e4 O-O 5. Nf3 d6 6. Be2 e5 7. O-O Nc6 8. d5
Ne7 9. Ne1 Nd7 10. f3 f5 11. g4 Nf6 12. Nd3 c5 13. h4 Bd7 14. Rf2 a6 15. a4 Kh8
16. a5 Rf7 17. Rg2 Ne8 18. Be3 Ng8 19. Rh2 Bh6 20. g5 f4 21. Bxc5 dxc5 22. Nxe5
Re7 23. Nxd7 Qxd7 24. gxh6 Nxh6 25. Na4 Qc7 26. b4 cxb4 27. Qd4+ Re5 28. Rd1
Ng7 29. Nb2 Nf7 30. Nd3 Rh5 31. c5 g5 32. hxg5 Rxg5+ 33. Kf2 Rf8 34. Qxb4 Qe7
35. c6 Qxb4 36. Nxb4 bxc6 37. Nxc6 Ne5 38. Nxe5 Rxe5 39. Rh6 Nh5 40. Rc1 Rg8
41. Rh1 Rgg5 42. d6 1-0

[Event "Jurmala"]
[Site "Jurmala LAT"]
[Date "1978.??.??"]
[Round "11"]
[White "Gipslis, Aivars P"]
[Black "Westerinen, Heikki M J"]
[Result "1-0"]
[WhiteElo "2525"]
[BlackElo "2450"]
[PlyCount "71"]
[EventDate "1978.??.??"]
[Source "www.chesslib.no"]
[SourceDate "2004.05.04"]

1. d4 Nf6 2. c4 g6 3. Nc3 Bg7 4. e4 d6 5. Be2 O-O 6. Nf3 e5 7. O-O Nc6 8. d5
Ne7 9. Ne1 Nd7 10. f3 f5 11. g4 c6 12. Be3 cxd5 13. cxd5 a5 14. Nd3 b6 15. Kg2
Nc5 16. h4 Bd7 17. Nf2 Nc8 18. Rh1 Bf6 19. g5 Be7 20. exf5 Bxf5 21. Qd2 Qe8 22.
Ng4 Bxg4 23. fxg4 Na7 24. h5 b5 25. Qc2 Rc8 26. Qb1 Rc7 27. Ne4 Qa8 28. Bf3
Rxf3 29. Kxf3 Nxe4 30. Qxe4 Rc4 31. Qb1 Qxd5+ 32. Kg3 Re4 33. Re1 Rxg4+ 34.
Kxg4 Qg2+ 35. Kh4 gxh5 36. Qf5 1-0

[Event "Zamardi"]
[Site "Zamardi"]
[Date "1978.??.??"]
[Round "?"]
[White "Pinter, Jozsef"]
[Black "Portisch, Ferenc"]
[Result "1-0"]
[WhiteElo "2430"]
[BlackElo "2450"]
[PlyCount "81"]
[EventDate "1978.??.??"]
[Source "www.chesslib.no"]
[SourceDate "2004.05.04"]

1. d4 Nf6 2. c4 g6 3. Nc3 Bg7 4. e4 d6 5. Be2 O-O 6. Nf3 e5 7. O-O Nc6 8. d5
Ne7 9. Ne1 Nd7 10. f3 f5 11. g4 Nf6 12. Nd3 c6 13. Be3 Kh8 14. h3 b5 15. dxc6
bxc4 16. Nb4 Rb8 17. Qa4 a5 18. Nbd5 Nfxd5 19. exd5 e4 20. fxe4 Rxb2 21. Qxc4
Rb4 22. Qd3 fxe4 23. Qd2 Ng8 24. Rab1 Rxb1 25. Nxb1 h5 26. Rxf8 Qxf8 27. Bd4
Qe7 28. Bxg7+ Kxg7 29. Qd4+ Kh7 30. Nc3 hxg4 31. hxg4 Qh4 32. Qa7+ Kh6 33. Qf2
Qg5 34. Qf8+ Kh7 35. Qxc8 Qe3+ 36. Kg2 Qxc3 37. Qd7+ Kh6 38. g5+ Kxg5 39. c7
Nf6 40. c8=Q Qe1 41. Qg4+ 1-0

[Event "olm"]
[Site "olm Buenos Aires"]
[Date "1978.??.??"]
[Round "?"]
[White "Fedder, Steen"]
[Black "Zapata, Alonso"]
[Result "1-0"]
[WhiteElo "2400"]
[BlackElo "2355"]
[PlyCount "47"]
[EventDate "1978.??.??"]
[Source "www.chesslib.no"]
[SourceDate "2004.05.04"]

1. d4 Nf6 2. c4 g6 3. Nc3 Bg7 4. e4 O-O 5. Nf3 d6 6. Be2 e5 7. O-O Nc6 8. d5
Ne7 9. Ne1 Nd7 10. f3 f5 11. g4 Nf6 12. Nd3 c5 13. h4 Bd7 14. Rf2 a6 15. a4 Kh8
16. a5 Rf7 17. Rh2 Ne8 18. Bf4 Nc8 19. Rh3 Bf8 20. Rg3 Nf6 21. Kf1 Ne7 22. Kf2
Nh5 23. Ke3 Bc8 24. Kf2 1-0

[Event "Montilla"]
[Site "Montilla"]
[Date "1977.??.??"]
[Round "2"]
[White "Taimanov, Mark E"]
[Black "Kavalek, Lubomir"]
[Result "1/2-1/2"]
[WhiteElo "2530"]
[BlackElo "2545"]
[PlyCount "51"]
[EventDate "1977.08.??"]
[Source "ChessBase"]

1. Nf3 Nf6 2. c4 g6 3. Nc3 Bg7 4. e4 d6 5. d4 O-O 6. Be2 e5 7. O-O Nc6 8. d5
Ne7 9. Ne1 Nd7 10. f3 f5 11. g4 Nf6 12. Nd3 c6 13. Nf2 Kh8 14. Bd2 a5 15. a3
Bd7 16. Rb1 Qb8 17. b3 Rf7 18. Qc1 Qc7 19. b4 axb4 20. Rxb4 Raf8 21. h3 Neg8
22. Be3 c5 23. Nb5 Qd8 24. Ra4 Ne8 25. Kg2 Ngf6 26. Bg5 1/2-1/2

[Event "Rubinstein mem"]
[Site "Polanica Zdroj"]
[Date "1977.??.??"]
[Round "9"]
[White "Ghitescu, Theodor"]
[Black "Diesen, Mark C"]
[Result "1/2-1/2"]
[WhiteElo "2440"]
[BlackElo "2360"]
[PlyCount "48"]
[EventDate "1977.08.??"]
[Source "ChessBase"]

1. c4 Nf6 2. Nf3 g6 3. Nc3 Bg7 4. e4 d6 5. d4 O-O 6. Be2 e5 7. O-O Nc6 8. d5
Ne7 9. Ne1 Nd7 10. g4 f5 11. f3 Nf6 12. Ng2 c6 13. a3 cxd5 14. cxd5 Bd7 15. g5
Nh5 16. Qb3 b5 17. Be3 f4 18. Bf2 Bh3 19. Bh4 Rb8 20. Nd1 h6 21. Nf2 Qb6 22.
gxh6 Bf6 23. Bxf6 Nxf6 24. a4 a6 1/2-1/2

[Event "Capablanca mem-C 13th"]
[Site "Cienfuegos City CUB"]
[Date "1976.05.19"]
[Round "3"]
[White "Fraguela Gil, Jose M"]
[Black "Boudy, Julio"]
[Result "0-1"]
[WhiteElo "2380"]
[BlackElo "2395"]
[PlyCount "112"]
[EventDate "1976.05.17"]
[Source "www.chesslib.no"]
[SourceDate "2004.05.04"]

1. Nf3 Nf6 2. c4 g6 3. Nc3 Bg7 4. e4 O-O 5. d4 d6 6. Be2 e5 7. O-O Nc6 8. d5
Ne7 9. Ne1 Nd7 10. g4 f5 11. f3 Nf6 12. Bd2 c6 13. Kh1 fxg4 14. Nd3 gxf3 15.
Bxf3 cxd5 16. cxd5 Bd7 17. a4 Kh8 18. Qb3 Rb8 19. Be3 b6 20. a5 Bh3 21. Rf2 Ng4
22. Bxg4 Bxg4 23. axb6 axb6 24. Raf1 Rxf2 25. Rxf2 Ng8 26. Qb4 Ra8 27. Nc1 Qe7
28. Qxb6 Rf8 29. Kg1 Bh3 30. Rxf8 Qxf8 31. Qa6 Bh6 32. Nd1 Qf3 33. Qe2 Bxe3+
34. Nxe3 Qxe4 35. Nd3 Nf6 36. Nf2 Qb1+ 37. Qd1 Qxd1+ 38. Nfxd1 Kg7 39. Nc3 Kf7
40. b4 Ke7 41. b5 Bc8 42. Kf2 Kd7 43. Ke2 Kc7 44. Kd3 Bh3 45. Kc4 Ng4 46. Nxg4
Bxg4 47. Kb4 Bf3 48. Ka5 e4 49. Ka6 Kb8 50. Kb6 e3 51. Kc6 e2 52. Nxe2 Bxe2 53.
b6 g5 54. Kxd6 g4 55. Ke5 Kb7 56. d6 Kxb6 0-1

[Event "ARG-ch"]
[Site "Buenos Aires"]
[Date "1975.??.??"]
[Round "13"]
[White "Szmetan, Jorge"]
[Black "Quinteros, Miguel Angel"]
[Result "1/2-1/2"]
[WhiteElo "2435"]
[BlackElo "2505"]
[PlyCount "60"]
[EventDate "1975.??.??"]
[Source "ChessBase"]

1. d4 Nf6 2. c4 g6 3. Nc3 Bg7 4. e4 d6 5. Be2 O-O 6. Nf3 e5 7. O-O Nc6 8. d5
Ne7 9. Ne1 Nd7 10. f3 f5 11. g4 Nf6 12. Nd3 c6 13. Nf2 Kh8 14. Kg2 Bd7 15. Bd2
Rc8 16. Qb3 fxg4 17. fxg4 b5 18. cxb5 cxd5 19. exd5 Nfxd5 20. Nfe4 Be6 21. Qa3
Nxc3 22. Nxc3 Qd7 23. h3 d5 24. Bg5 Ng8 25. Kg1 e4 26. Rad1 Rxf1+ 27. Bxf1 d4
28. Nxe4 Bxg4 29. Re1 Bf5 30. Qd6 Qf7 1/2-1/2

[Event "tt"]
[Site "Groningen tt"]
[Date "1975.??.??"]
[Round "?"]
[White "Bouwmeester, Hans"]
[Black "Ligterink, Gert"]
[Result "1/2-1/2"]
[WhiteElo "2420"]
[BlackElo "2365"]
[PlyCount "69"]
[EventDate "1975.??.??"]
[Source "www.chesslib.no"]
[SourceDate "2004.05.04"]

1. d4 Nf6 2. c4 g6 3. Nc3 Bg7 4. e4 d6 5. Nf3 O-O 6. Be2 e5 7. O-O Nc6 8. d5
Ne7 9. Ne1 Nd7 10. f3 f5 11. g4 Nf6 12. Nd3 c6 13. Nf2 h6 14. Bd2 Kh8 15. Qc2
Nh7 16. Kg2 c5 17. h4 Ng8 18. Rh1 fxg4 19. fxg4 Bf6 20. g5 hxg5 21. h5 Ne7 22.
h6 g4 23. Bxg4 Bg5 24. Bxg5 Nxg5 25. Be2 Ng8 26. Qd2 Rf4 27. Qe3 Nf6 28. Qg3
Nfh7 29. Nd3 Rf6 30. Raf1 Rxf1 31. Kxf1 Qe7 32. Ke1 Bd7 33. a3 Rf8 34. b4 b6
35. Kd2 1/2-1/2

[Event "Lublin"]
[Site "Lublin"]
[Date "1974.??.??"]
[Round "1"]
[White "Suba, Mihai"]
[Black "Adamski, Jan"]
[Result "1-0"]
[WhiteElo "2460"]
[BlackElo "2405"]
[PlyCount "53"]
[EventDate "1974.??.??"]
[Source "ChessBase"]

1. c4 g6 2. e4 Bg7 3. d4 d6 4. Nc3 Nf6 5. Be2 O-O 6. Nf3 e5 7. O-O Nc6 8. d5
Ne7 9. Ne1 Nd7 10. g4 f5 11. f3 Nf6 12. Ng2 c6 13. Be3 cxd5 14. cxd5 Bd7 15. h3
b5 16. Bxb5 Bxb5 17. Nxb5 fxe4 18. fxe4 Nxe4 19. Rxf8+ Qxf8 20. Qd3 Nf6 21.
Nxd6 Nexd5 22. Bc5 e4 23. Qc4 Kh8 24. g5 Nb6 25. Qe6 Re8 26. Qb3 Nfd5 27. Rf1
1-0

[Event "DDR-POL match"]
[Site "Zinnowitz GER"]
[Date "1973.10.??"]
[Round "4.3"]
[White "Pytel, Krzysztof"]
[Black "Vogt, Lothar H"]
[Result "1-0"]
[WhiteElo "2390"]
[BlackElo "2440"]
[PlyCount "73"]
[EventDate "1973.10.03"]
[Source "www.chesslib.no"]
[SourceDate "2004.05.04"]

1. d4 Nf6 2. c4 g6 3. Nc3 Bg7 4. e4 d6 5. Nf3 O-O 6. Be2 e5 7. O-O Nc6 8. d5
Ne7 9. Ne1 Nd7 10. f3 f5 11. g4 Nf6 12. Nd3 c5 13. Bd2 Bd7 14. Rb1 b6 15. b4
cxb4 16. Rxb4 Qc8 17. Nf2 Rf7 18. Kg2 Qc5 19. Nb5 Ne8 20. Rb3 Qc8 21. a4 a6 22.
Nc3 Qc5 23. Qc1 f4 24. Qb1 Nc8 25. Nd3 Qc7 26. a5 bxa5 27. Rb7 Qd8 28. Be1 h5
29. gxh5 gxh5 30. Kh1 Bh3 31. Rxf7 Kxf7 32. Rg1 Qc7 33. Bf2 Bf8 34. Qa2 Na7 35.
Na4 Rb8 36. c5 Nb5 37. Nxe5+ 1-0

[Event "Skopje ol (Men)"]
[Site "Skopje MKD"]
[Date "1972.10.11"]
[Round "14.4"]
[White "Partos, Charles"]
[Black "Kestler, Hans-Guenther"]
[Result "1/2-1/2"]
[WhiteElo "2425"]
[BlackElo "2400"]
[PlyCount "42"]
[EventDate "1972.09.??"]
[Source "www.chesslib.no"]
[SourceDate "2004.05.04"]

1. d4 Nf6 2. c4 d6 3. Nc3 e5 4. Nf3 Nc6 5. d5 Ne7 6. e4 g6 7. Be2 Bg7 8. O-O
O-O 9. Ne1 Nd7 10. f3 f5 11. g4 Nf6 12. Ng2 Kh8 13. Bd2 c6 14. b3 Bd7 15. Rc1
Rc8 16. Be3 cxd5 17. exd5 Qa5 18. Bd2 Qd8 19. Be3 Qa5 20. Bd2 Qd8 21. Be3 Qa5
1/2-1/2